[Event "ECF Charity Marathon UKR"]
[Site "Chess.com INT"]
[Date "2022.04.02"]
[Round "?"]
[White "Baker, Chris W"]
[Black "Connell, Blair N"]
[Result "0-1"]
[WhiteElo "2272"]
[BlackElo "2230"]
[PlyCount "84"]
[EventDate "2022.04.02"]
[EventType "swiss (blitz)"]
[EventRounds "74"]
[EventCountry "USA"]
[SourceTitle "CBM 207 Extra"]
[Source "ChessBase"]
[SourceDate "2022.05.31"]
[SourceVersion "1"]
[SourceVersionDate "2022.05.31"]
[SourceQuality "1"]

1. e4 e5 2. d4 exd4 3. Qxd4 Nc6 4. Qe3 Nf6 5. Nc3 Nb4 6. Qe2 Bc5 7. a3 Nc6 8. e5 Nd4 9. Qd3 Qe7 10. Nf3 Nxf3+ 11. Qxf3 Qxe5+ 12. Be2 d6 13. Bf4 Qf5 14. 0-0 0-0 15. Bd3 Qg4 16. Qxg4 Bxg4 17. Rfe1 Rae8 18. Bg5 Rxe1+ 19. Rxe1 Re8 20. Rxe8+ Nxe8 21. Ne4 Bb6 22. c4 h6 23. Bd2 Be6 24. Bc3 c6 25. b4 d5 26. cxd5 Bxd5 27. Kf1 Bc7 28. Nc5 b6 29. Nd7 f6 30. Bg6 Nd6 31. a4 Be6 32. Nxf6+ gxf6 33. Bxf6 Bf5 34. Bh5 Bd3+ 35. Ke1 Ne4 36. Bd4 c5 37. bxc5 bxc5 38. Be3 c4 39. Bxa7 Ba5+ 40. Kd1 c3 41. Be3 c2+ 42. Kc1 Bb4 0-1

[Event "ECF Charity Marathon UKR"]
[Site "Chess.com INT"]
[Date "2022.04.02"]
[Round "?"]
[White "Claridge Hansen, William"]
[Black "Connell, Blair N"]
[Result "1/2-1/2"]
[WhiteElo "2318"]
[BlackElo "2230"]
[PlyCount "253"]
[EventDate "2022.04.02"]
[EventType "swiss (blitz)"]
[EventRounds "74"]
[EventCountry "USA"]
[SourceTitle "CBM 207 Extra"]
[Source "ChessBase"]
[SourceDate "2022.05.31"]
[SourceVersion "1"]
[SourceVersionDate "2022.05.31"]
[SourceQuality "1"]

1. c4 c6 2. Nf3 d5 3. e3 Bg4 4. Qb3 Qb6 5. Qxb6 axb6 6. cxd5 cxd5 7. Nc3 Nf6 8. Ne5 Bd7 9. d4 e6 10. Bd2 Nc6 11. Nxd7 Kxd7 12. Bb5 Bb4 13. Ke2 Bxc3 14. Bxc3 Ne4 15. Be1 Nd6 16. Bd3 Nc4 17. b3 Nd6 18. a4 b5 19. Bc3 bxa4 20. bxa4 Ra7 21. Rhb1 Rha8 22. Bc2 Kc7 23. f3 b5 24. axb5 Nxb5 25. Rxb5 Rxa1 26. Bxa1 Rxa1 27. Bxh7 Ra2+ 28. Kf1 g6 29. Bg8 Nd8 30. h4 Kd6 31. Rb8 Ke7 32. Rxd8 Kxd8 33. Bxf7 Ke7 34. Bxg6 Kf6 35. h5 Ra3 36. Kf2 Ra2+ 37. Kg3 Re2 38. Kf4 Rxg2 39. Be8 Rh2 40. Bg6 Rh1 41. e4 dxe4 42. fxe4 Rd1 43. e5+ Kg7 44. Ke4 Re1+ 45. Kd3 Rd1+ 46. Kc4 Rc1+ 47. Kb5 Rc3 48. Kb4 Rc1 49. Be4 Re1 50. Bf3 Rf1 51. Be2 Rh1 52. Kc5 Kf8 53. Kd6 Rh4 54. d5 exd5 55. e6 Re4 56. Bd3 Rxe6+ 57. Kxe6 Kg7 58. Kxd5 Kh8 59. Ke5 Kg7 60. Kf4 Kh8 61. Kg4 Kg8 62. Kh4 Kh8 63. Be2 Kg8 64. Bf1 Kh8 65. Bg2 Kg8 66. Bd5+ Kh8 67. Kh3 Kg7 68. Kg4 Kh8 69. Kh4 Kg7 70. Bc4 Kh8 71. Bb5 Kg7 72. Bc6 Kh8 73. Bb7 Kg7 74. Bc8 Kh8 75. Ba6 Kg7 76. Bc4 Kh8 77. Bb3 Kg7 78. Bc2 Kh8 79. h6 Kg8 80. Kh5 Kh8 81. Kg5 Kg8 82. Kh5 Kh8 83. Bd1 Kg8 84. Be2 Kh8 85. Bf1 Kg8 86. Bg2 Kh8 87. Bh1 Kg8 88. Bf3 Kh8 89. Bg4 Kg8 90. Be6+ Kh8 91. Bd5 Kh7 92. Bc6 Kh8 93. Bb5 Kh7 94. Bd3+ Kh8 95. Bc2 Kg8 96. Bb3+ Kh8 97. Ba2 Kh7 98. Bb1+ Kh8 99. Bc2 Kg8 100. Ba4 Kh8 101. Bb5 Kg8 102. Ba6 Kh8 103. Bc4 Kh7 104. Kg5 Kh8 105. Bd3 Kg8 106. h7+ Kh8 107. Bc2 Kg7 108. Kh5 Kh8 109. Bb1 Kg7 110. Bc2 Kh8 111. Bd3 Kg7 112. Kh4 Kh8 113. Kh3 Kg7 114. Kh2 Kh8 115. Kg2 Kg7 116. Kg1 Kh8 117. Kh1 Kg7 118. Kg1 Kh8 119. Kf1 Kg7 120. Kf2 Kh8 121. Ke2 Kg7 122. Ke3 Kh8 123. Kf3 Kg7 124. Kf4 Kh8 125. Kg4 Kg7 126. Kg5 Kh8 127. Kh6 1/2-1/2

[Event "ECF Charity Marathon UKR"]
[Site "Chess.com INT"]
[Date "2022.04.02"]
[Round "?"]
[White "Connell, Blair N"]
[Black "Claridge Hansen, William"]
[Result "1-0"]
[WhiteElo "2230"]
[BlackElo "2318"]
[PlyCount "99"]
[EventDate "2022.04.02"]
[EventType "swiss (blitz)"]
[EventRounds "74"]
[EventCountry "USA"]
[SourceTitle "CBM 207 Extra"]
[Source "ChessBase"]
[SourceDate "2022.05.31"]
[SourceVersion "1"]
[SourceVersionDate "2022.05.31"]
[SourceQuality "1"]

1. d4 g6 2. Nc3 Bg7 3. Bf4 d6 4. e3 a6 5. a4 Nd7 6. Nf3 Ngf6 7. Qd2 c6 8. h4 h5 9. e4 0-0 10. e5 Ng4 11. exd6 exd6 12. Bxd6 Re8+ 13. Be2 Nb6 14. Bg3 Nc4 15. Qc1 Bh6 16. Qb1 b5 17. b4 Nd2 18. Nxd2 Qxd4 19. Nce4 Bf5 20. 0-0 Bxd2 21. Nxd2 Rxe2 22. Nf3 Qf6 23. axb5 cxb5 24. Qc1 Rxc2 25. Qg5 Qxg5 26. hxg5 Rc4 27. Bd6 Rc6 28. Bc5 a5 29. Nd4 Rcc8 30. Rfc1 axb4 31. Rxa8 Rxa8 32. Nxf5 gxf5 33. Bxb4 Ra4 34. Bc5 Ne5 35. Rb1 Ra5 36. Bb6 Ra2 37. f3 Nc4 38. Rxb5 Nxb6 39. Rxb6 Ra5 40. g6 fxg6 41. Rxg6+ Kh7 42. Rg5 Kh6 43. Rg8 Ra6 44. Rf8 Ra5 45. Rf6+ Kg5 46. Rb6 Kf4 47. Kh2 h4 48. Rb4+ Kg5 49. Rb7 Kh5 50. Rg7 1-0

[Event "ECF Charity Marathon UKR"]
[Site "Chess.com INT"]
[Date "2022.04.02"]
[Round "?"]
[White "Mortazavi, Ali"]
[Black "Connell, Blair N"]
[Result "0-1"]
[WhiteElo "2333"]
[BlackElo "2230"]
[PlyCount "74"]
[EventDate "2022.04.02"]
[EventType "swiss (blitz)"]
[EventRounds "74"]
[EventCountry "USA"]
[SourceTitle "CBM 207 Extra"]
[Source "ChessBase"]
[SourceDate "2022.05.31"]
[SourceVersion "1"]
[SourceVersionDate "2022.05.31"]
[SourceQuality "1"]

1. e4 e5 2. Bc4 Nf6 3. d3 c6 4. Nf3 d5 5. Bb3 Bb4+ 6. Bd2 Bxd2+ 7. Qxd2 dxe4 8. Nxe5 0-0 9. d4 Nbd7 10. 0-0 Nxe5 11. dxe5 Nd5 12. Rd1 Be6 13. Qe2 Qg5 14. Qxe4 Rad8 15. Nc3 Nxc3 16. bxc3 Rxd1+ 17. Rxd1 Rd8 18. Rxd8+ Qxd8 19. Qd4 Qa5 20. f4 h6 21. h4 c5 22. Qd3 c4 23. Bxc4 Qc5+ 24. Qd4 Qxd4+ 25. cxd4 Bxc4 26. a3 b5 27. g4 h5 28. gxh5 Kh7 29. Kf2 Kh6 30. Kf3 Kxh5 31. Ke4 Kxh4 32. d5 g6 33. e6 fxe6 34. d6 Bd5+ 35. Ke5 Bc6 36. Kxe6 Kg4 37. Ke5 Bd7 0-1

[Event "ECF Charity Marathon UKR"]
[Site "Chess.com INT"]
[Date "2022.04.02"]
[Round "?"]
[White "Rendle, Thomas E"]
[Black "Connell, Blair N"]
[Result "1-0"]
[WhiteElo "2374"]
[BlackElo "2230"]
[PlyCount "91"]
[EventDate "2022.04.02"]
[EventType "swiss (blitz)"]
[EventRounds "74"]
[EventCountry "USA"]
[SourceTitle "CBM 207 Extra"]
[Source "ChessBase"]
[SourceDate "2022.05.31"]
[SourceVersion "1"]
[SourceVersionDate "2022.05.31"]
[SourceQuality "1"]

1. f4 d5 2. Nf3 g6 3. g3 Bg7 4. Bg2 c5 5. 0-0 Nc6 6. d3 Nf6 7. Nc3 0-0 8. e4 dxe4 9. dxe4 Qxd1 10. Rxd1 e5 11. fxe5 Ng4 12. Nd5 Ngxe5 13. Nxe5 Bxe5 14. c3 Bg4 15. Rf1 f5 16. Be3 c4 17. Rae1 fxe4 18. Bxe4 Bh3 19. Rxf8+ Rxf8 20. Bh6 Re8 21. Nf6+ Bxf6 22. Bd5+ Be6 23. Rxe6 Rxe6 24. Bxe6+ Kh8 25. Bxc4 b6 26. Bf4 Be5 27. Be3 Kg7 28. Bd5 Ne7 29. Be4 Kf6 30. Kf2 Ke6 31. Kf3 Bf6 32. g4 Nd5 33. Bc1 b5 34. Bc2 Nb6 35. Bd3 a6 36. Ke4 Nd7 37. Be3 Ne5 38. Be2 Be7 39. Bd4 Bd6 40. h3 Nc6 41. Be3 Ne7 42. a4 bxa4 43. Bxa6 a3 44. Bc4+ Kd7 45. b4 Nc6 46. Bc1 1-0

[Event "ECF Charity Marathon UKR"]
[Site "Chess.com INT"]
[Date "2022.04.02"]
[Round "?"]
[White "Vleeshhouwer, Douglas"]
[Black "Connell, Blair N"]
[Result "0-1"]
[WhiteElo "1980"]
[BlackElo "2230"]
[PlyCount "82"]
[EventDate "2022.04.02"]
[EventType "swiss (blitz)"]
[EventRounds "74"]
[EventCountry "USA"]
[SourceTitle "CBM 207 Extra"]
[Source "ChessBase"]
[SourceDate "2022.05.31"]
[SourceVersion "1"]
[SourceVersionDate "2022.05.31"]
[SourceQuality "1"]

1. e4 e5 2. Nf3 Nc6 3. Bb5 Nge7 4. 0-0 Ng6 5. d3 Bc5 6. c3 Nh4 7. Bxc6 dxc6 8. d4 Nxf3+ 9. Qxf3 exd4 10. cxd4 Qxd4 11. Rd1 Qf6 12. Qxf6 gxf6 13. Nc3 Bg4 14. Re1 0-0-0 15. Bf4 h5 16. Kf1 h4 17. f3 Be6 18. b3 Bd4 19. Rac1 Be5 20. Bxe5 fxe5 21. Kf2 Rd2+ 22. Re2 Rhd8 23. Rc2 Rxc2 24. Rxc2 b6 25. Ke3 c5 26. Rd2 Rxd2 27. Kxd2 a5 28. g3 hxg3 29. hxg3 c4 30. Nd5 Bxd5 31. exd5 cxb3 32. axb3 Kd7 33. Kc3 b5 34. f4 exf4 35. gxf4 Kd6 36. Kd4 a4 37. bxa4 bxa4 38. Kc4 a3 39. Kb3 Kxd5 40. Kxa3 Ke4 41. Kb4 Kxf4 0-1

[Event "Bunratty Online"]
[Site "Chess.com INT"]
[Date "2021.02.20"]
[Round "5"]
[White "Connell, Blair N"]
[Black "Benjamin, Joel"]
[Result "0-1"]
[WhiteElo "2230"]
[BlackElo "2506"]
[PlyCount "58"]
[EventDate "2021.02.20"]
[EventType "swiss (blitz)"]
[EventRounds "9"]
[EventCountry "IRL"]
[SourceTitle "CBM 200 Extra"]
[Source "ChessBase"]
[SourceDate "2021.03.31"]
[SourceVersion "1"]
[SourceVersionDate "2021.03.31"]
[SourceQuality "1"]

1. d4 Nf6 2. Nc3 d5 3. Bf4 c6 4. e3 Bf5 5. Nf3 Nbd7 6. Ne5 Qb6 7. Rb1 e6 8. g4 Bg6 9. h4 Bb4 10. h5 Nxe5 11. Bxe5 Be4 12. f3 Bxf3 13. Qxf3 Bxc3+ 14. Kf2 Ne4+ 15. Kg2 f6 16. Bh2 Nd2 17. bxc3 Qxb1 18. Qe2 Qxc2 19. Kh3 Qxc3 20. Bg2 Nc4 21. Re1 e5 22. Bg3 0-0 23. h6 Rae8 24. hxg7 Rf7 25. dxe5 Nxe5 26. Bh4 Nc4 27. Bf2 Rfe7 28. Qf3 Nxe3 29. Qxf6 Qxf6 0-1

[Event "Bunratty Online"]
[Site "Chess.com INT"]
[Date "2021.02.20"]
[Round "2"]
[White "Connell, Blair N"]
[Black "Fuentes Alarcon, Angelo Moises"]
[Result "1-0"]
[WhiteElo "2230"]
[BlackElo "1900"]
[PlyCount "97"]
[EventDate "2021.02.20"]
[EventType "swiss (blitz)"]
[EventRounds "9"]
[EventCountry "IRL"]
[SourceTitle "CBM 200 Extra"]
[Source "ChessBase"]
[SourceDate "2021.03.31"]
[SourceVersion "1"]
[SourceVersionDate "2021.03.31"]
[SourceQuality "1"]

1. d4 d5 2. Nc3 Bf5 3. Bf4 c6 4. e3 Nf6 5. Nf3 e6 6. Ne5 Bd6 7. f3 Qc7 8. g4 Bg6 9. h4 h6 10. Nxg6 fxg6 11. Qd2 Nbd7 12. 0-0-0 0-0-0 13. Bh3 Kb8 14. Kb1 e5 15. Bh2 Nb6 16. b3 exd4 17. exd4 Rhe8 18. Bxd6 Qxd6 19. Rde1 Qg3 20. Rxe8 Rxe8 21. Qh2 Re1+ 22. Kb2 Qxh2 23. Rxh2 g5 24. hxg5 hxg5 25. Re2 Rxe2 26. Nxe2 Kc7 27. Ng1 Kd6 28. Bf1 Nbd7 29. Nh3 Nh7 30. Bd3 Ndf6 31. Bf5 b6 32. Kc3 c5 33. Kd3 a5 34. c4 dxc4+ 35. Kxc4 cxd4 36. Kxd4 b5 37. a4 bxa4 38. bxa4 Kc6 39. Kc4 Kb6 40. Be4 Nxe4 41. fxe4 Nf6 42. Nf2 Kc6 43. Kd4 Nd7 44. e5 Nb6 45. Ne4 Nxa4 46. e6 Nb6 47. Ke5 a4 48. Nc3 a3 49. Kf5 1-0

[Event "Bunratty Online"]
[Site "Chess.com INT"]
[Date "2021.02.20"]
[Round "3"]
[White "Connell, Blair N"]
[Black "Gupta, Utkarsh1111"]
[Result "1/2-1/2"]
[WhiteElo "2230"]
[BlackElo "1868"]
[PlyCount "127"]
[EventDate "2021.02.20"]
[EventType "swiss (blitz)"]
[EventRounds "9"]
[EventCountry "IRL"]
[SourceTitle "CBM 200 Extra"]
[Source "ChessBase"]
[SourceDate "2021.03.31"]
[SourceVersion "1"]
[SourceVersionDate "2021.03.31"]
[SourceQuality "1"]

1. d4 Nf6 2. Nc3 d5 3. Bf4 Bf5 4. e3 e6 5. Nf3 c5 6. Nb5 Na6 7. c3 Be7 8. Ne5 0-0 9. g4 Bg6 10. h4 h6 11. Nxg6 fxg6 12. Bd3 Qe8 13. a4 Rc8 14. Qc2 cxd4 15. exd4 Nb4 16. Qe2 Nxd3+ 17. Qxd3 a6 18. Nd6 Bxd6 19. Bxd6 Rf7 20. f3 Qd7 21. Be5 Rcf8 22. 0-0 Qe7 23. b4 Nd7 24. Bg3 Qf6 25. a5 Qe7 26. Rae1 Re8 27. Kg2 Nf6 28. Re2 Nd7 29. Rfe1 Nf8 30. Re3 Qd7 31. Qe2 Rc8 32. Be5 Rc4 33. Rd3 Qc6 34. Qd2 Qd7 35. Rh1 Qe7 36. h5 gxh5 37. gxh5 Nd7 38. Re3 Qg5+ 39. Bg3 Nf6 40. Re2 Qxd2 41. Rxd2 Rxc3 42. Re1 Nxh5 43. Rf2 Nxg3 44. Kxg3 Rf6 45. Kg4 Kf7 46. f4 Rc4 47. Rd2 Rxb4 48. Rc1 Rc4 49. Rxc4 dxc4 50. Rb2 Rg6+ 51. Kf3 Kf6 52. Rxb7 Rg1 53. Rb6 Rd1 54. Ke3 Rd3+ 55. Ke4 g5 56. fxg5+ hxg5 57. Rxa6 Ra3 58. d5 c3 59. Kd3 Ke5 60. dxe6 Kf6 61. Kc2 g4 62. e7+ Kxe7 63. Rg6 Rxa5 64. Rxg4 1/2-1/2

[Event "Bunratty Masters 27th"]
[Site "Bunratty"]
[Date "2020.02.23"]
[Round "5"]
[White "Connell, Blair N"]
[Black "Fox, Anthony"]
[Result "0-1"]
[WhiteElo "2238"]
[BlackElo "2001"]
[PlyCount "56"]
[EventDate "2020.02.21"]
[EventType "swiss"]
[EventRounds "6"]
[EventCountry "IRL"]
[SourceTitle "EXT 2023"]
[Source "ChessBase"]
[SourceDate "2022.10.05"]
[SourceVersion "1"]
[SourceVersionDate "2022.10.05"]
[SourceQuality "1"]

1. e4 e5 2. Nf3 Nc6 3. Nc3 Nf6 4. a3 d5 5. exd5 Nxd5 6. Nxe5 Nxe5 7. Qe2 f6 8. Nxd5 Qxd5 9. f4 Bg4 10. Qe3 Bc5 11. c4 Bxe3 12. cxd5 Bxf4 13. d4 Ng6 14. Bd3 Bd6 15. 0-0 0-0 16. h3 Bd7 17. Bd2 Rae8 18. Rac1 Ne7 19. Bc4 Nf5 20. Rc3 Nxd4 21. Be3 Nf5 22. Bf2 a6 23. g4 Ne7 24. Ba2 Kh8 25. b4 Ng6 26. Bc5 Bb5 27. Rf2 Re1+ 28. Kg2 Nh4# 0-1

[Event "Bunratty Masters 27th"]
[Site "Bunratty"]
[Date "2020.02.23"]
[Round "6"]
[White "Keogh, Eamon"]
[Black "Connell, Blair N"]
[Result "0-1"]
[WhiteElo "1958"]
[BlackElo "2238"]
[PlyCount "24"]
[EventDate "2020.02.21"]
[EventType "swiss"]
[EventRounds "6"]
[EventCountry "IRL"]
[SourceTitle "EXT 2023"]
[Source "ChessBase"]
[SourceDate "2022.10.05"]
[SourceVersion "1"]
[SourceVersionDate "2022.10.05"]
[SourceQuality "1"]

1. e4 c5 2. Nc3 a6 3. f4 b5 4. Nf3 Bb7 5. d3 e6 6. Be2 d5 7. exd5 exd5 8. 0-0 d4 9. Nb1 Nd7 10. a4 Bd6 11. axb5 axb5 12. Rxa8 Qxa8 0-1

[Event "Bunratty Masters 27th"]
[Site "Bunratty"]
[Date "2020.02.22"]
[Round "3"]
[White "Connell, Blair N"]
[Black "Grochowalski, Pawel"]
[Result "1/2-1/2"]
[WhiteElo "2238"]
[BlackElo "2099"]
[PlyCount "78"]
[EventDate "2020.02.21"]
[EventType "swiss"]
[EventRounds "6"]
[EventCountry "IRL"]
[SourceTitle "EXT 2023"]
[Source "ChessBase"]
[SourceDate "2022.10.05"]
[SourceVersion "1"]
[SourceVersionDate "2022.10.05"]
[SourceQuality "1"]

1. d4 d5 2. Bf4 e6 3. e3 Bd6 4. Bg3 Nf6 5. c3 Ne4 6. Bxd6 Qxd6 7. Bd3 Nf6 8. Nf3 Nbd7 9. Nbd2 e5 10. dxe5 Nxe5 11. Nxe5 Qxe5 12. Qa4+ c6 13. Qb4 Qe7 14. Qxe7+ Kxe7 15. 0-0-0 Be6 16. h3 Rad8 17. Rhe1 Rhe8 18. Nb3 Kf8 19. Bc2 Bc8 20. Rd2 g6 21. Red1 Ke7 22. Rd4 b6 23. R4d2 c5 24. Na1 Ne4 25. Bxe4 dxe4 26. Nc2 Rxd2 27. Rxd2 Ba6 28. h4 Bf1 29. g3 Rd8 30. Rxd8 Kxd8 31. Kd2 Ke7 32. Na3 Ba6 33. c4 h5 34. b3 Kd6 35. Nb1 Bb7 36. Nc3 Bc6 37. Ne2 Ke5 38. Nf4 Kf5 39. Ke1 Ke5 1/2-1/2

[Event "Bunratty Masters 27th"]
[Site "Bunratty"]
[Date "2020.02.22"]
[Round "4"]
[White "O'Connor, Jonathan"]
[Black "Connell, Blair N"]
[Result "1-0"]
[WhiteElo "2161"]
[BlackElo "2238"]
[PlyCount "69"]
[EventDate "2020.02.21"]
[EventType "swiss"]
[EventRounds "6"]
[EventCountry "IRL"]
[SourceTitle "EXT 2023"]
[Source "ChessBase"]
[SourceDate "2022.10.05"]
[SourceVersion "1"]
[SourceVersionDate "2022.10.05"]
[SourceQuality "1"]

1. d4 d5 2. Nf3 Nf6 3. g3 h6 4. Bg2 c6 5. c4 Bf5 6. Qb3 Qb6 7. c5 Qxb3 8. axb3 Bxb1 9. Rxb1 Nbd7 10. b4 a6 11. h4 Ne4 12. h5 e6 13. Bf4 Be7 14. Ne5 Nxe5 15. Bxe5 0-0 16. Ra1 Rae8 17. 0-0 f6 18. Bf4 Bd8 19. f3 Ng5 20. Bd6 Rf7 21. e4 Rd7 22. exd5 exd5 23. Rfe1 Rxe1+ 24. Rxe1 Kf7 25. f4 Ne6 26. Bh3 Rxd6 27. cxd6 Nxd4 28. Kf2 Nb5 29. d7 Nd6 30. Re6 Ne4+ 31. Kg2 Be7 32. Bf5 Nd2 33. Bg6+ Kf8 34. d8Q+ Bxd8 35. Re8# 1-0

[Event "Bunratty Masters 26th"]
[Site "Bunratty"]
[Date "2019.02.24"]
[Round "6"]
[White "Fegan, Chris"]
[Black "Connell, Blair N"]
[Result "0-1"]
[WhiteElo "2024"]
[BlackElo "2239"]
[PlyCount "110"]
[EventDate "2019.02.22"]
[EventType "swiss"]
[EventRounds "6"]
[EventCountry "IRL"]
[SourceTitle "EXT 2024"]
[Source "ChessBase"]
[SourceDate "2023.10.10"]
[SourceVersion "1"]
[SourceVersionDate "2023.10.10"]
[SourceQuality "1"]

1. d4 e6 2. c4 Nf6 3. Nc3 Bb4 4. Nf3 Bxc3+ 5. bxc3 d6 6. g3 b6 7. Bg2 Bb7 8. 0-0 0-0 9. Re1 Nbd7 10. Rb1 Ne4 11. Qd3 Rb8 12. Nd2 Nxd2 13. Bxd2 Bxg2 14. Kxg2 Qc8 15. Rb4 c5 16. Rb5 Qa6 17. Rb2 Rbc8 18. Rc1 d5 19. cxd5 Qxd3 20. exd3 exd5 21. Be3 c4 22. Rb5 cxd3 23. Rxd5 Nf6 24. Re5 Rc4 25. Bd2 Rfc8 26. Re3 Ra4 27. Ra1 Nd5 28. Rxd3 Ra3 29. Rf3 g6 30. Kf1 Kg7 31. Kg2 Rc4 32. h4 h5 33. Kh3 Rca4 34. Re1 Rxa2 35. Bg5 Rc4 36. Re5 Rxc3 37. Bf6+ Nxf6 38. Rxc3 Rxf2 39. Rce3 Rd2 40. d5 Nxd5 41. Re2 Rxe2 42. Rxe2 Kf6 43. Rf2+ Ke6 44. g4 hxg4+ 45. Kxg4 a5 46. Re2+ Kd6 47. Kg5 b5 48. Rf2 Ke6 49. Re2+ Kd6 50. Rf2 Ke7 51. Re2+ Kf8 52. Rd2 Nc3 53. Rd7 Kg7 54. Rc7 b4 55. Ra7 b3 0-1

[Event "Bunratty Masters 26th"]
[Site "Bunratty"]
[Date "2019.02.24"]
[Round "5"]
[White "Rawlinson, Aidan"]
[Black "Connell, Blair N"]
[Result "1-0"]
[WhiteElo "2145"]
[BlackElo "2239"]
[PlyCount "77"]
[EventDate "2019.02.22"]
[EventType "swiss"]
[EventRounds "6"]
[EventCountry "IRL"]
[SourceTitle "EXT 2024"]
[Source "ChessBase"]
[SourceDate "2023.10.10"]
[SourceVersion "1"]
[SourceVersionDate "2023.10.10"]
[SourceQuality "1"]

1. d4 d5 2. c4 c6 3. Nf3 Nf6 4. e3 Bf5 5. Nc3 e6 6. Nh4 Bg4 7. Qb3 Qb6 8. h3 Bh5 9. g4 Bg6 10. Nxg6 hxg6 11. Bg2 g5 12. c5 Qc7 13. e4 Nxe4 14. Nxe4 dxe4 15. Bxg5 Nd7 16. Bxe4 Nf6 17. Bg2 0-0-0 18. 0-0-0 Rd7 19. Kb1 Be7 20. Qe3 Rhd8 21. Bf4 Qa5 22. Qe5 Rc7 23. Qxc7+ Qxc7 24. Bxc7 Kxc7 25. Kc2 Rh8 26. Kc3 Nd7 27. f4 Bf6 28. b4 g5 29. Rhf1 gxf4 30. Rxf4 e5 31. Rxf6 exd4+ 32. Rxd4 Nxf6 33. Rf4 Nd7 34. Rxf7 Kd8 35. Kd4 Ke8 36. Rg7 Rf8 37. b5 Rf2 38. bxc6 Rxg2 39. c7 1-0

[Event "BCF-chTb 1819 (4NCL)"]
[Site "Daventry"]
[Date "2019.01.13"]
[Round "4.87"]
[White "Nelson, Jonathan"]
[Black "Connell, Blair N"]
[Result "1/2-1/2"]
[WhiteElo "2189"]
[BlackElo "2240"]
[PlyCount "29"]
[EventDate "2018.11.10"]
[EventType "team-tourn"]
[EventRounds "11"]
[EventCountry "ENG"]
[SourceTitle "CBM 188 Extra"]
[Source "ChessBase"]
[SourceDate "2019.02.26"]
[SourceVersion "1"]
[SourceVersionDate "2019.02.26"]
[SourceQuality "1"]
[WhiteTeam "Blackthorne Russia"]
[BlackTeam "Cheddleton"]
[WhiteTeamCountry "ENG"]
[BlackTeamCountry "ENG"]

1. d4 d5 2. Nf3 Nf6 3. c4 c6 4. Nc3 dxc4 5. a4 e6 6. e3 c5 7. Bxc4 Nc6 8. 0-0 cxd4 9. exd4 Be7 10. Bf4 0-0 11. Rc1 Nb4 12. Qb3 Nc6 13. Qd1 Nb4 14. Qb3 Nc6 15. Qd1 1/2-1/2

[Event "BCF-chTb 1819 (4NCL)"]
[Site "Daventry"]
[Date "2018.11.10"]
[Round "1.6"]
[White "Povah, Nigel Edward"]
[Black "Connell, Blair N"]
[Result "1-0"]
[WhiteElo "2326"]
[BlackElo "2246"]
[PlyCount "75"]
[EventDate "2018.11.10"]
[EventType "team-tourn"]
[EventRounds "11"]
[EventCountry "ENG"]
[SourceTitle "CBM 187 Extra"]
[Source "ChessBase"]
[SourceDate "2018.11.04"]
[SourceVersion "1"]
[SourceVersionDate "2018.11.04"]
[SourceQuality "1"]
[WhiteTeam "Guildford II"]
[BlackTeam "Cheddleton"]
[WhiteTeamCountry "ENG"]
[BlackTeamCountry "ENG"]

1. d4 d5 2. Bf4 Nf6 3. e3 c5 4. c3 Nc6 5. Nd2 e6 6. Ngf3 cxd4 7. exd4 Nh5 8. Be3 Bd6 9. Ne5 g6 10. f4 f6 11. Nd3 Ng7 12. Qf3 0-0 13. 0-0-0 e5 14. dxe5 fxe5 15. Qxd5+ Be6 16. Qe4 Bf5 17. Qc4+ Be6 18. Qa4 Qc7 19. fxe5 Bxe5 20. Nc4 Bf6 21. Bf4 Qc8 22. Nd6 Qd8 23. Nxb7 Qb6 24. Ndc5 Bg4 25. Rd2 Rfe8 26. Bb5 Rac8 27. Qc4+ Kh8 28. Nd6 Ne5 29. Bxe5 Be6 30. Nxc8 Rxc8 31. Na4 Qe3 32. Qxc8+ Bxc8 33. Bxf6 h6 34. Bd4 Qg5 35. Nc5 Kh7 36. Bd3 Qd5 37. Re1 Bf5 38. Re7 1-0

[Event "BCF-chT1c 1718 (4NCL) Promotion pool"]
[Site "England"]
[Date "2018.03.18"]
[Round "8.47"]
[White "Varnam, Liam"]
[Black "Connell, Blair N"]
[Result "0-1"]
[WhiteElo "2083"]
[BlackElo "2255"]
[PlyCount "118"]
[EventDate "2017.01.11"]
[EventType "team-swiss"]
[EventRounds "11"]
[EventCountry "ENG"]
[SourceTitle "EXT 2019"]
[Source "ChessBase"]
[SourceDate "2018.10.10"]
[SourceVersion "1"]
[SourceVersionDate "2018.10.10"]
[SourceQuality "1"]
[WhiteTeam "Grantham Sharks"]
[BlackTeam "Cheddleton"]
[WhiteTeamCountry "ENG"]
[BlackTeamCountry "ENG"]

1. e4 e6 2. d4 d5 3. Nc3 dxe4 4. Nxe4 Bd7 5. c4 Nf6 6. Nxf6+ Qxf6 7. a3 e5 8. Qe2 Nc6 9. Nf3 Bg4 10. dxe5 Qf5 11. Qd3 Qxd3 12. Bxd3 Bxf3 13. gxf3 Nxe5 14. Be2 0-0-0 15. Be3 Nd3+ 16. Bxd3 Rxd3 17. Rg1 g6 18. Ke2 Rb3 19. Bd4 Rg8 20. Rg5 Bg7 21. Bxg7 Rxg7 22. Rb5 Rxb5 23. cxb5 f6 24. f4 Rd7 25. f5 g5 26. f4 gxf4 27. Rf1 Rd5 28. Rxf4 Rxb5 29. b4 a5 30. Kd3 axb4 31. axb4 Kd7 32. Rh4 Rxf5 33. Rxh7+ Kc6 34. Rf7 Rf4 35. Kc3 b5 36. h4 Kd6 37. h5 Rc4+ 38. Kb3 Ke6 39. Rg7 c6 40. h6 Rh4 41. h7 Rh3+ 42. Kc2 f5 43. Rg6+ Kd5 44. Rf6 Kc4 45. Rxc6+ Kxb4 46. Rf6 Rh2+ 47. Kd1 Rxh7 48. Rxf5 Rc7 49. Kd2 Ka4 50. Rf1 b4 51. Ra1+ Kb3 52. Rb1+ Ka3 53. Ra1+ Kb2 54. Ra8 Rd7+ 55. Ke2 b3 56. Rb8 Kc2 57. Rc8+ Kb1 58. Rb8 b2 59. Ke3 Ra7 0-1

[Event "Bunratty Masters op 25th"]
[Site "Bunratty"]
[Date "2018.02.24"]
[Round "3"]
[White "Connell, Blair N"]
[Black "Fox, Anthony"]
[Result "1/2-1/2"]
[WhiteElo "2234"]
[BlackElo "2038"]
[PlyCount "106"]
[EventDate "2018.02.23"]
[EventType "swiss"]
[EventRounds "6"]
[EventCountry "IRL"]
[SourceTitle "CBM 183 Extra"]
[Source "ChessBase"]
[SourceDate "2018.04.19"]
[SourceVersion "1"]
[SourceVersionDate "2018.04.19"]
[SourceQuality "1"]

1. e4 e5 2. Nf3 Nc6 3. Nc3 Nf6 4. a3 d6 5. d4 exd4 6. Nxd4 Be7 7. Nxc6 bxc6 8. Bd3 0-0 9. 0-0 a5 10. f4 h6 11. h3 Ba6 12. Bxa6 Rxa6 13. Qd3 Ra8 14. Qc4 d5 15. Qxc6 Nxe4 16. Nxd5 Bc5+ 17. Kh2 Qh4 18. Nf6+ Qxf6 19. Qxe4 Rfe8 20. Qc4 Qa6 21. Qxa6 Rxa6 22. f5 Re2 23. Bf4 Bd6 24. Rac1 Rc6 25. Bxd6 Rxd6 26. Rf3 Rdd2 27. Rg3 Rxc2 28. Rxc2 Rxc2 29. f6 g6 30. Rb3 Rf2 31. Rb5 a4 32. Rb4 Rxf6 33. Rxa4 Kf8 34. Rc4 Rb6 35. b4 Ra6 36. Rc3 Ke8 37. Kg3 Kd7 38. Kf4 Rf6+ 39. Ke5 Rf2 40. g4 f6+ 41. Kd5 f5 42. Kc5 fxg4 43. Rd3+ Kc8 44. hxg4 h5 45. gxh5 gxh5 46. Rd5 Rc2+ 47. Kd4 Rd2+ 48. Ke4 Rxd5 49. Kxd5 Kb7 50. a4 Kb6 51. Kd4 h4 52. Ke4 h3 53. Kf3 c5 1/2-1/2